000 00476nam a2200169Ia 4500
008 090711s9999 xx 000 0 und d
082 _b15102
100 _aकुलकर्णी दत्ता जी.
245 _aसावज
260 _c1964
300 _a134
600 _aकुलकर्णी दत्ता जी.
630 _aसावज
700 _aकुलकर्णी दत्ता जी.
730 _aसावज
942 _cBOOK
999 _c295538
_d295538